1490 1687 1176 1119 1886 1738 1075 1427 1469 1905 1756 1387 1676 1990 1563 1092 1375 1666 1662 1454 1628 1968 1699 1155 1703 1626 1675 1074 1827 1822 1812 1442 1695 1738 1894 1905 1384 1225 1267 1250 1440 1430 1890 1465 1568 1105 1201 1566 1656 1252 1496 1070 1028 1964 1676 1267 1089 1230 1200 1695 1982 1147 1348 1078 1016 1554 1488 1393 1921 1813 1569 1713 1777 1637 1639 1745 1132 1804 1606 1486 1214 1136 1665 1218 1886 1183 1110 1113 1840 1864 1083 1099 1502 1697 1786 1731 1223 1701 1396 BCNSPRNW ULIB Ver.6.0+V

เปลี่ยนเป็นภาษาไทย

Change to English
 แสดงรายละเอียดบรรณานุกรม
  กลับหน้าหลัก

Brief Record : Get Marc (ISO 2709) : E-mail record : QR code < ปิดหน้าต่าง
LEADER : 00000nam 2200000uu 4500
001    13399108562
003     ULIB
008    110301s2543||||th 000 0 tha d
020    9742440077
060 04 QV55^bค466ค 2543
110 2  สำนักงานคณะกรรมการอาหารและยา. ^bกองวิชาการ
245 10 คู่มือผลิตภัณฑ์ยาจากสมุนไพรเพื่อเศรษฐกิจชุมชน /^cกองวิชาการ สำนักงานคณะกรรมการอาหารและยา
250    พิมพ์ครั้งที่ 1
260    กรุงเทพฯ :^bโรงพิมพ์องค์การสงเคราะห์ทหารผ่านศึก,^c2543
300    288 หน้า :^bภาพประกอบสี ;^c30 ซม.
650  2 Medicine, Herbal
650  2 Herbs
650  7 ยาสมุนไพร^zไทย^xการควบคุมการผลิต
650  7 ยาแผนโบราณ^xคู่มือ
650  7 ยาแผนโบราณ^xการควบคุมการผลิต
650  7 สมุนไพร^xการใช้รักษา
650  7 พระราชบัญญัติคุ้มครองและส่งเสริมภูมิปัญญาการแพทย์แผนไทย พ.ศ. 2542
945    ^p0^l0^i013035
995    ทศพร
999 ^a ใช้งานได้ทุกระบบ
รายการนี้ยังไม่มีแท็ก
คุณยังไม่ได้ล็อกอิน คุณสามารถมีกิจกรรมร่วมกับเว็บไซต์ได้ แต่ต้องล็อกอินก่อน ::
  ล็อกอิน

รายการสื่อสารสนเทศ

ลำดับที่ ประเภท เลขเรียก/บาร์โค้ด สถานที่ สถานะ
- ไม่พบข้อมูล -

รายการใกล้เคียง
    หัวเรื่อง [Herbs]

BibComment


ยังไม่เคยถูกคอมเมนท์

คอมเมนท์ทรัพยากรรายการนี้
  คอมเมนท์: คู่มือผลิตภัณฑ์ยา..


 Copyright 2026. Bcnsprnw @Library